000 00566nam a2200217Ia 4500
005 20241129120318.0
008 241129s9999||||xx |||||||||||||| ||und||
020 _a9789395737395
037 _aTB
040 _aSDCL
_beng
_cSDCL
041 _ahin
_2hin
084 _aO152,3N45 R2
_qSDCL
100 _aKhan Ushakiran
_9396138
245 0 _aGahri Nadiya Nav Purani
260 _aDelhi
_bRajkamal prakashan India
_c2022
300 _a143p
365 _aINR
_b495
650 _aHindi
942 _cTB
_hO152,3N45 R2
999 _c1234282
_d1234282